<?xml version="1.0" encoding="UTF-8"?><?xml-stylesheet type="text/xsl" href="static/style.xsl"?><OAI-PMH xmlns="http://www.openarchives.org/OAI/2.0/" xmlns:xsi="http://www.w3.org/2001/XMLSchema-instance" xsi:schemaLocation="http://www.openarchives.org/OAI/2.0/ http://www.openarchives.org/OAI/2.0/OAI-PMH.xsd"><responseDate>2026-04-29T04:09:53Z</responseDate><request verb="GetRecord" identifier="oai:repisalud.isciii.es:20.500.12105/23245" metadataPrefix="marc">https://repisalud.isciii.es/rest/oai/request</request><GetRecord><record><header><identifier>oai:repisalud.isciii.es:20.500.12105/23245</identifier><datestamp>2024-11-28T23:42:13Z</datestamp><setSpec>com_20.500.12105_15322</setSpec><setSpec>com_20.500.12105_2051</setSpec><setSpec>col_20.500.12105_16967</setSpec></header><metadata><record xmlns="http://www.loc.gov/MARC21/slim" xmlns:dcterms="http://purl.org/dc/terms/" xmlns:doc="http://www.lyncode.com/xoai" xmlns:xsi="http://www.w3.org/2001/XMLSchema-instance" xsi:schemaLocation="http://www.loc.gov/MARC21/slim http://www.loc.gov/standards/marcxml/schema/MARC21slim.xsd">
   <leader>00925njm 22002777a 4500</leader>
   <datafield ind2=" " ind1=" " tag="042">
      <subfield code="a">dc</subfield>
   </datafield>
   <datafield ind2=" " ind1=" " tag="720">
      <subfield code="a">Salas, Rogelio</subfield>
      <subfield code="e">author</subfield>
   </datafield>
   <datafield ind2=" " ind1=" " tag="720">
      <subfield code="a">Tijerina, Alexandra</subfield>
      <subfield code="e">author</subfield>
   </datafield>
   <datafield ind2=" " ind1=" " tag="720">
      <subfield code="a">Cardona, Mariana</subfield>
      <subfield code="e">author</subfield>
   </datafield>
   <datafield ind2=" " ind1=" " tag="720">
      <subfield code="a">Bouzas, Cristina</subfield>
      <subfield code="e">author</subfield>
   </datafield>
   <datafield ind2=" " ind1=" " tag="720">
      <subfield code="a">Ramirez, Erik</subfield>
      <subfield code="e">author</subfield>
   </datafield>
   <datafield ind2=" " ind1=" " tag="720">
      <subfield code="a">Martinez, Gustavo</subfield>
      <subfield code="e">author</subfield>
   </datafield>
   <datafield ind2=" " ind1=" " tag="720">
      <subfield code="a">Garza, Aurora</subfield>
      <subfield code="e">author</subfield>
   </datafield>
   <datafield ind2=" " ind1=" " tag="720">
      <subfield code="a">Pastor, Rosario</subfield>
      <subfield code="e">author</subfield>
   </datafield>
   <datafield ind2=" " ind1=" " tag="720">
      <subfield code="a">Tur, Josep A</subfield>
      <subfield code="e">author</subfield>
   </datafield>
   <datafield ind2=" " ind1=" " tag="260">
      <subfield code="c">2021-11</subfield>
   </datafield>
   <datafield ind2=" " ind1=" " tag="520">
      <subfield code="a">The menopausal transition stage brings physiological changes associated with the development of metabolic syndrome (MetS), which can affect bone mineral density (BMD), and may be more evident in the postmenopausal stage. The aim of this study was assessing the association between low BMD and MetS and its components among reproductive/menopausal transition and postmenopausal women in the northeast region of Mexico. A descriptive cross-sectional study was carried out (2015-2016) in 40-60-year-old women (n = 376) who were residents in the metropolitan area of Monterrey, in Nuevo Leon State, Mexico. Anthropometric measurements, blood pressure, a dual-energy X-ray absorptiometry (DXA) evaluation of BMD of two anatomical sites (lumbar spine and dual femur), and a biochemical analysis were obtained. The prevalence of MetS was 57.2%. In participants without MetS, the prevalence of osteopenia was 27.3% in the lumbar spine and 18.6% in the dual femur, while in participants with MetS, the prevalence of osteopenia was 35.8% in the lumbar spine and 14.4% in the dual femur. Osteoporosis in participants without MetS was present in 6.8% in the lumbar spine and in 1.8% in the dual femur, while in women with MetS, its prevalence was 4.7% in the lumbar spine and 0.5% in the dual femur. An association between low BMD at the lumbar spine and dual femur and components of MetS diseases was identified in Mexican women as follows: waist circumference &amp; GE; 88 cm showed an increase risk for low BMD at femoral site in both reproductive/menopausal transition (OR 7.638; 95% CI: 1.607-36.298; p = 0.011) and postmenopausal women (OR 2.600; 95% CI: 1.023-6.609; p = 0.045); HDL &lt; 50 mg/dL was associated with low BMD in both the femur (OR 3.639; 95% CI: 1.039-12.743; p = 0.043) and lumbar spine (OR 2.654; 95% CI: 1.092-6.447; p = 0.031); hypertension in postmenopausal women increased the risk for low BMD in the femur (OR 2.634; 95% CI: 1.150-6.035; p = 0.022). In conclusion, we found that components of the MetS were associated with low BMD, thus indicating that MetS increases the risk for developing osteopenia or osteoporosis. Furthermore, age was found to be an independent risk factor for low BMD.</subfield>
   </datafield>
   <datafield ind1="8" ind2=" " tag="024">
      <subfield code="a">Salas R, Tijerina A, Cardona M, Bouzas C, Ramirez E, Martinez G, et al. Association between Bone Mineral Density and Metabolic Syndrome among Reproductive, Menopausal Transition, and Postmenopausal Women. J Clin Med. 2021 Nov;10(21):4819.</subfield>
   </datafield>
   <datafield ind1="8" ind2=" " tag="024">
      <subfield code="a">https://hdl.handle.net/20.500.13003/19452</subfield>
   </datafield>
   <datafield ind1="8" ind2=" " tag="024">
      <subfield code="a">https://hdl.handle.net/20.500.12105/23245</subfield>
   </datafield>
   <datafield ind1="8" ind2=" " tag="024">
      <subfield code="a">34768336</subfield>
   </datafield>
   <datafield ind1="8" ind2=" " tag="024">
      <subfield code="a">10.3390/jcm10214819</subfield>
   </datafield>
   <datafield ind1="8" ind2=" " tag="024">
      <subfield code="a">2077-0383</subfield>
   </datafield>
   <datafield ind1="8" ind2=" " tag="024">
      <subfield code="a">Journal of Clinical Medicine</subfield>
   </datafield>
   <datafield ind1="8" ind2=" " tag="024">
      <subfield code="a">2-s2.0-85117234096</subfield>
   </datafield>
   <datafield ind1="8" ind2=" " tag="024">
      <subfield code="a">719168300001</subfield>
   </datafield>
   <datafield ind1="8" ind2=" " tag="024">
      <subfield code="a">L2014165306</subfield>
   </datafield>
   <datafield tag="653" ind2=" " ind1=" ">
      <subfield code="a">Menopausal transition</subfield>
   </datafield>
   <datafield tag="653" ind2=" " ind1=" ">
      <subfield code="a">Postmenopausal</subfield>
   </datafield>
   <datafield tag="653" ind2=" " ind1=" ">
      <subfield code="a">Metabolic syndrome</subfield>
   </datafield>
   <datafield tag="653" ind2=" " ind1=" ">
      <subfield code="a">Bone mineral density</subfield>
   </datafield>
   <datafield tag="653" ind2=" " ind1=" ">
      <subfield code="a">Women</subfield>
   </datafield>
   <datafield tag="653" ind2=" " ind1=" ">
      <subfield code="a">Mexico</subfield>
   </datafield>
   <datafield ind2="0" ind1="0" tag="245">
      <subfield code="a">Association between Bone Mineral Density and Metabolic Syndrome among Reproductive, Menopausal Transition, and Postmenopausal Women</subfield>
   </datafield>
</record></metadata></record></GetRecord></OAI-PMH>